000 01433cam a2200433 i 4500
001 19541267
003 NUST
005 20220228153936.0
008 170306s2018 maua b 001 0 eng
010 _a 2017010699
020 _a9781274126266 (pbk.)
020 _a1284126269 (pbk.)
035 _a(DNLM)101701573
038 _awaseem
040 _aDNLM/DLC
_cDLC
_erda
_dDLC
042 _apcc
050 0 0 _aRA785
_b.S434 2018
060 1 0 _aWM 172.4
082 0 0 _a616.98
_bSEA
100 1 _aSeaward, Brian Luke,
_eauthor.
_989890
245 1 0 _aManaging stress :
_bprinciples and strategies for health and well being /
_cBrian Luke Seaward, Paramount Wellness Institute.
250 _aNinth edition.
264 1 _aBurlington, MA :
_bJones & Bartlett Learning,
_c[2018]
300 _axxiv, 584 pages :
_bcolor illustrations ;
_c28 cm
336 _atext
_2rdacontent
337 _aunmediated
_2rdamedia
338 _avolume
_2rdacarrier
504 _aIncludes bibliographical references and index.
563 _aPBK.
650 0 _aStress management.
_989891
650 0 _aStress (Psychology)
_989892
650 0 _aMind and body.
_989893
650 1 2 _aStress, Psychological
_xtherapy
_989894
650 2 2 _aAdaptation, Psychological
_989895
650 2 2 _aMind-Body Therapies
_xmethods
_989896
650 2 2 _aPsychophysiology
_xmethods
_989897
906 _a7
_bcbc
_corignew
_d1
_eecip
_f20
_gy-gencatlg
942 _2ddc
_cBK
999 _c588377
_d588377